000 00550nam a2200217Ia 4500
003 OSt
005 20220928145449.0
006 a|||||r|||| 00| 0
007 ta
008 220927b |||||||| |||| 00| 0 eng d
024 _a80673
037 _cTextual
040 _aSDCL
_cSDCL
_beng
041 _2eng
_aeng
082 _aC, L4
100 _aBeiser Arthur
_9431602
245 0 _aSchaum's outline of theory and problems of physical science.
260 _c1974
942 _hC, L4
_cTEXL
_2CC
999 _c833690
_d833690